| 000 | 00487nam a22001575i 4500 | ||
|---|---|---|---|
| 001 | 156403 | ||
| 003 | ES-MaACL | ||
| 005 | 20230906210411.0 | ||
| 008 | 040729s1904 xxk |||| | eng d | ||
| 040 |
_aCAM _bspa _cCAM |
||
| 100 | 1 |
_aJones, Henry Arthur. _9128344 |
|
| 245 | 1 | 4 |
_aThe liars _b: an original comedy in four acts / _cby Henry Arthur Jones. |
| 260 |
_aLondon : _bMacmillan and Co., _c1904. |
||
| 300 |
_a[8], 122 p. ; _c17 cm. |
||
| 852 |
_aES-MaACL _jG-10118 _z-- Enc. hol. |
||
| 999 |
_c156403 _d156403 |
||